| 000 | 00454cam a2200181ua 4500 | ||
|---|---|---|---|
| 020 | _c6.00 | ||
| 041 |
_aeng _h |
||
| 082 |
_a371.71 _bDAN/HE |
||
| 100 | _aDaniel, F . | ||
| 245 |
_aHealth science and physiology for tropical schools / _cF.Daniel. _hTextual Documents |
||
| 250 |
_a / _b. |
||
| 260 |
_aLondon : _bOxford University Press , _c1963. |
||
| 300 | _a304 ; . | ||
| 365 | _a6.00 | ||
| 504 | _a | ||
| 942 | _cBK | ||
| 999 |
_c2168 _d2168 |
||